Centre de Formació i Treball : Flor de Maig [Multimèdia] Flor de Maig [Multimèdia]
Descripción Física:
2 discs òptics (CD) + 1 videocasset (VHS) + 1 fulletó (21x15 cm) ; en una capsa de 25 x 34 cm
Materias:
Flor de Maig
MARC
| LEADER | 00000nam a2200000Ia 4500 | ||
|---|---|---|---|
| 001 | 18129 | ||
| 003 | BGR | ||
| 005 | 20260324175329.0 | ||
| 008 | 160829s2003 xx 000 0 cat d | ||
| 080 | |a FOL-2-132 | ||
| 110 | 2 | |a Flor de Maig (Cooperativa) |9 54173 | |
| 245 | |a Centre de Formació i Treball : |b Flor de Maig [Multimèdia] | ||
| 260 | |a Barcelona : |b Diputació de Barcelona : |b Flor de Maig. Centre de Formació i Treball, |c 2003 | ||
| 300 | |a 2 discs òptics (CD) + 1 videocasset (VHS) + 1 fulletó (21x15 cm) ; |c en una capsa de 25 x 34 cm | ||
| 590 | |a Inclou 1 fulletó (24 cm) amb dades actualitzades del 2006 | ||
| 650 | |a Flor de Maig | ||
| 710 | 1 | |a Barcelona (Catalunya : Província). |b Diputació |9 52408 | |
| 901 | |a Arxiu | ||
| 942 | |n 1 |2 udc |c MON | ||
| 952 | |0 0 |1 0 |4 0 |6 FOL2132 |7 1 |9 44385 |a Arxiu |b Arxiu |d 2016-12-01 |l 0 |o FOL-2-132 |p 18129 |r 2016-12-01 00:00:00 |w 2016-12-01 |y ARXIU | ||
| 999 | |c 46966 |d 46966 | ||